Irene Besser : (Record no. 22891)
[ view plain ]
| 000 -CABECERA | |
|---|---|
| campo de control de longitud fija | 00805nam a2200253 a 4500 |
| 001 - NÚMERO DE CONTROL | |
| campo de control | 000023394 |
| 005 - FECHA Y HORA DE LA ÚLTIMA TRANSACCIÓN | |
| campo de control | 20200930022204.0 |
| 008 - DATOS DE LONGITUD FIJA--INFORMACIÓN GENERAL | |
| campo de control de longitud fija | 101206s1965 sp r 000 f spa d |
| 040 ## - FUENTE DE LA CATALOGACIÓN | |
| Centro catalogador/agencia de origen | DO-SdBNP |
| Lengua de catalogación | spa |
| Centro/agencia transcriptor | BNPHU |
| 041 17 - CÓDIGO DE LENGUA | |
| Código de lengua del texto/banda sonora o título independiente | spa |
| Código de lengua original | ger |
| Fuente del código | Código de idiomas MARC |
| 082 ## - NÚMERO DE LA CLASIFICACIÓN DECIMAL DEWEY | |
| Número de clasificación | 813 |
| Número de documento/Ítem | R531i |
| 049 ## - FONDOS LOCALES (OCLC) | |
| Fondos de biblioteca | BNGR |
| 100 1# - ENTRADA PRINCIPAL--NOMBRE DE PERSONA | |
| Nombre de persona | Richler, John, |
| 9 (RLIN) | 48194 |
| 240 10 - TÍTULO UNIFORME | |
| Título uniforme | Frau Irene besser. |
| Lenguaje de la obra | Español. |
| 245 10 - MENCIÓN DE TÍTULO | |
| Título | Irene Besser : |
| Resto del título | novela / |
| Mención de responsabilidad, etc. | John Richler ; traducción de Mª Hortensia Murdoch. |
| 260 ## - PUBLICACIÓN, DISTRIBUCIÓN, ETC. | |
| Lugar de publicación, distribución, etc. | Barcelona : |
| Nombre del editor, distribuidor, etc. | Planeta, |
| Fecha de publicación, distribución, etc. | 1965. |
| 300 ## - DESCRIPCIÓN FÍSICA | |
| Extensión | 351 p. ; |
| Dimensiones | 19 cm. |
| 490 1# - MENCIÓN DE SERIE | |
| Mención de serie | Goliat |
| 534 ## - NOTA SOBRE LA VERSIÓN ORIGINAL | |
| Frase introductoria | Título original en alemán: |
| Mención de título del original | Frau Irene besser. |
| 650 #4 - PUNTO DE ACCESO ADICIONAL DE MATERIA--TÉRMINO DE MATERIA | |
| Término de materia o nombre geográfico como elemento de entrada | Novela canadiense |
| 9 (RLIN) | 7990 |
| 650 #4 - PUNTO DE ACCESO ADICIONAL DE MATERIA--TÉRMINO DE MATERIA | |
| Término de materia o nombre geográfico como elemento de entrada | Literatura canadiense |
| 9 (RLIN) | 11496 |
| 700 1# - PUNTO DE ACCESO ADICIONAL--NOMBRE DE PERSONA | |
| Nombre de persona | Murdoch, Mª Hortensia, |
| Término indicativo de función/relación | tr. |
| 9 (RLIN) | 48195 |
| 830 #0 - PUNTO DE ACCESO ADICIONAL DE SERIE-TÍTULO UNIFORME | |
| Título uniforme | Goliat |
| 9 (RLIN) | 4949 |
| Estado de retiro | Estado de pérdida | Restricciones de uso | No para préstamo | Código de colección | Localización permanente | Ubicación/localización actual | Ubicación en estantería | Fecha de adquisición | Número de inventario | Total de préstamos | Signatura topográfica completa | Código de barras | Fecha visto por última vez | Precio válido a partir de | Tipo de ítem Koha |
|---|---|---|---|---|---|---|---|---|---|---|---|---|---|---|---|
| Préstamo interno | Monografías: Libros y Folletos | General | General | En catalogación | 06.12.2010 | LF1 | 813 R531i | 23394-10 | 25.06.2020 | 25.06.2020 | Préstamo interno |
